Les 100 artistes Français préférés des Français - Statistiques

Statistiques générales
  • Ce quiz a été pris 2 548 fois
  • Le résultat moyen est 22 sur 100
Statistiques - réponses
Classement Réponse % Correct
30 Gims
71%
96 Jul
68%
1 Jean-Jacques Goldman
61%
9 Céline Dion
57%
4 Soprano
51%
6 Florent Pagny
50%
19 Patrick Bruel
50%
16 Angèle
49%
47 Zaz
47%
28 Vianney
44%
75 Aya Nakamura
41%
57 Louane
41%
36 Zazie
41%
5 Stromae
39%
86 Damso
38%
7 Michel Sardou
38%
90 Ninho
37%
15 Pascal Obispo
37%
18 Slimane
36%
56 Vitaa
36%
80 Amel Bent
35%
81 Jenifer
35%
49 Patrick Fiori
35%
33 Bigflo et oli
34%
60 Dadju
34%
24 Kendji Girac
34%
48 Orelsan
33%
3 francis Cabrel
32%
34 Christophe Maé
31%
26 Mylène Farmer
31%
93 PNL
31%
8 Renaud
30%
35 Julien Doré
28%
31 M. Pokora
28%
66 Nekfeu
28%
2 indochine
27%
23 David Guetta
26%
27 Marc Lavoine
26%
78 Niska
26%
11 Calogero
25%
58 Lara Fabian
24%
10 Alain Souchon
23%
62 Amir
23%
44 Christine and the queens ( Chris)
22%
55 Clara Luciani
22%
12 Eddy Mitchell
20%
17 Julien Clerc
20%
32 Laurent Voulzy
20%
73 Lomepal
20%
25 Jacques Dutronc
19%
59 Nolwenn Leroy
19%
21 Claudio Capeo
18%
85 Roméo Elvis
18%
13 Jean-Louis Aubert
17%
87 Shy'm
17%
14 Daft Punk
16%
79 Hélène Ségara
16%
63 Vanessa Paradis
16%
65 Christophe Willem
14%
20 Michel Polnareff
14%
71 Yannick Noah
14%
42 DJ snake
13%
40 Véronique Sanson
13%
95 Charlotte Gainsbourg
12%
38 Matthieu Chedid
12%
99 Alizée
11%
64 IAM
11%
69 MC Solaar
11%
54 Patricia Kaas
11%
89 Hoshi
10%
46 Coeur de pirate
9%
50 Françoise hardy
9%
67 Kyo
9%
39 Serge Lama
9%
22 Maxime le Forestier
8%
91 Benjamin Biolay
7%
68 Bob Sinclar
7%
53 Ethienne daho
7%
45 Hugues Aufray
7%
77 Eddy de Pretto
6%
84 Emmanuel Moire
6%
94 Jain
6%
83 Jeanne Mas
6%
74 Olivia Ruiz
6%
98 Camélia Jordana
5%
76 Gerald de Palmas
5%
37 Pierre Perret
5%
72 Adamo
4%
88 Axelle Red
4%
97 Anggun
3%
51 Catherine Ringer
3%
43 Daniel Guichard
3%
92 Philippe Katerine
3%
41 Trois cafés gourmands
3%
100 Anne Sylvestre
2%
70 Boulevard des Airs
2%
82 Tina Arena
2%
29 Bernard Lavillers
1%
52 Emile & images
1%
61 Saka Ponk
1%
Aucun quiz correspondant
Distribution des résultats
% des personnes avec chaque résultat
Percentile par nombre de réponses
Votre historique - résultats
Vous n’avez pas pris ce quiz